000 00802nam a2200265Ia 4500
003 OSt
005 20220918221626.0
006 a|||||r|||| 00| 0
007 ta
008 220917b |||||||| |||| 00| 0 eng d
024 _a202,235
037 _cTextual
040 _aARTS
_cARTS
_beng
041 _2eng
_aeng
082 _aQ3z7, N3
100 _aFolkert Kendall W
_9140978
245 0 _aScripture and community
_b collected essays on the Jains
260 _aAtlanta
_bScholars Press
_c1993
300 _axxvii, 451p
_ccm.
490 _aHarvard university center for the study of world religions series
650 _aRELIGION; JAINISM
700 _a Cort Jhon E Ed.
_9140979
942 _hQ3z7, N3
_cTEXL
_2CC
999 _c273133
_d273133